Statistics for FortNite Battle Royale Location Quiz

Click here to take the quiz!

General Stats

  • This quiz has been taken 4,659 times
  • The average score is 10 of 18

Answer Stats

NumberLocation% Correct
16Tilted Towers
93%
13Salty Springs
69%
12Retail Row
65%
11Pleasant Park
60%
9Loot Lake
58%
2Dusty Depot
56%
10Moisty Mire
56%
18Wailing Woods
54%
3Fatal Fields
53%
5Greasy Grove
52%
7Junk Junction
52%
1Anarchy Acres
51%
6Haunted Hills
50%
15Snobby Shores
49%
4Flush Factory
48%
8Lonely Lodge
44%
17Tomato Town
44%
14Shifty Shafts
43%

Score Distribution

Percentile by Number Answered

Percent of People with Each Score

Your Score History

You have not taken this quiz